Роль гаджетов в жизни современных студентов; Научная инициатива иностранных студентов и аспирантов

Մատենագիտական մանրամասներ
Parent link:Научная инициатива иностранных студентов и аспирантов.— 2025.— С. 327-329
Հիմնական հեղինակ: Бат-Очир Должинжав
Այլ հեղինակներ: Выдрина В. В. Вера Владимировна (научный руководитель)
Ամփոփում:В данной работе сформулировано определение термина «гаджет». Проанализированы данные о том, какими гаджетами чаще всего пользуются современные молодые люди. Описаны роль и значение мобильных устройств в жизни русских и иностранных студентов томских вузов
Текстовый файл
Լեզու:ռուսերեն
Հրապարակվել է: 2025
Խորագրեր:
Առցանց հասանելիություն:http://earchive.tpu.ru/handle/11683/132125
Ձևաչափ: MixedMaterials Էլեկտրոնային Գրքի գլուխ
KOHA link:https://koha.lib.tpu.ru/cgi-bin/koha/opac-detail.pl?biblionumber=681081

MARC

LEADER 00000naa2a2200000 4500
001 681081
005 20250821103558.0
090 |a 681081 
100 |a 20250730d2025 k||y0rusy50 ca 
101 0 |a rus 
102 |a RU 
135 |a drcn ---uucaa 
200 1 |a Роль гаджетов в жизни современных студентов  |f Бат-Очир Должинжав, Выдрина В. В.  |g науч. рук. Выдрина В. В. 
320 |a Список литературы: 2 назв 
330 |a В данной работе сформулировано определение термина «гаджет». Проанализированы данные о том, какими гаджетами чаще всего пользуются современные молодые люди. Описаны роль и значение мобильных устройств в жизни русских и иностранных студентов томских вузов 
336 |a Текстовый файл 
463 1 |0 680868  |9 680868  |t Научная инициатива иностранных студентов и аспирантов  |o сборник докладов V Международной научно-практической конференции, Томск, 22-24 апреля 2025 г.  |c Томск  |d 2025  |n Изд-во ТПУ  |u conference_tpu-2025-C19.pdf  |v С. 327-329 
545 1 |a Научный старт (для слушателей подготовительных отделений) 
610 1 |a электронный ресурс 
610 1 |a труды учёных ТПУ 
610 1 |a гаджеты 
610 1 |a молодёжь 
610 1 |a иностранные студенты 
700 0 |a Бат-Очир Должинжав 
701 1 |a Выдрина  |b В. В.  |c лингвист  |c доцент Томского политехнического университета, кандидат филологических наук  |f 1984-  |g Вера Владимировна  |9 14589 
702 1 |a Выдрина  |b В. В.  |c лингвист  |c доцент Томского политехнического университета, кандидат филологических наук  |f 1984-  |g Вера Владимировна  |4 727 
801 0 |a RU  |b 63413507  |c 20250730  |g RCR 
850 |a 63413507 
856 4 |u http://earchive.tpu.ru/handle/11683/132125  |z http://earchive.tpu.ru/handle/11683/132125 
942 |c CF